00204 a2200109 4500001000700000020000600007040001100013100001600024240002500040245002000065362000900085180772 a  cMagnum aLa Fontaine10aO anao pao-durolpor10aO anao pao-duro0 a1899